| 000 | 00774nam a22002657a 4500 | ||
|---|---|---|---|
| 001 | 00256 | ||
| 003 | DO-SdBPM | ||
| 005 | 20250609120742.0 | ||
| 007 | 00256 | ||
| 008 | 160411b 2000 ||||| |||| 00| 0 spa d | ||
| 020 | _a8437604907 | ||
| 040 |
_6DO-SdBPM _8spa _aBPMSU _c |
||
| 082 | 4 |
_a843.8 _bH988c 2000 _222 |
|
| 100 |
_aHuysmans, Joris-Karl _d 1848-1907. _c |
||
| 245 |
_aA contrapelo / _cJoris-Karl Huymans ; edición y traducción de Juan Herrero. |
||
| 250 | _a2a. ed. | ||
| 260 |
_aMadrid : _bCátedra, _c2000 |
||
| 300 |
_a368 p. ; _c20 cm. |
||
| 490 | 0 |
_aLetras universales, _v17 |
|
| 590 | _aInventariado, 2025/VM | ||
| 650 | 4 | _a Novela francesa | |
| 700 | 1 |
_aHerrero, Juan _etraductor |
|
| 910 | _aVMateo V. Control de calidad. BPMSU | ||
| 942 |
_2ddc _cBK |
||
| 999 |
_c9684 _d9684 |
||